000 00385cam a2200157 4500
001 D12585
008 090401t1948 xxu||||| |||| 00| 0 eng d
035 _a(Sirsi) u4433
041 _aeng
100 _aDavies, B Price
245 _aBuilding laws, byelaws and regulations
260 _bThe Building Estimator Publications
_c1948
350 _a0
942 _n0
948 _c04/03/1997
999 _c86027
_d86027